000 00231nam a2200097Ia 4500
001 791302
005 20250826170607.0
008 250824s9999 xx 000 0 und d
245 0 _aFAREWELL
_cAYŞE KULİN
260 _bEVEREST YAYINLARI
999 _c791302
_d791302